| 000 | 00769nam a22002177a 4500 | ||
|---|---|---|---|
| 005 | 20161108100831.0 | ||
| 008 | 161108b sp||||| |||| 00| 0 spa d | ||
| 020 | _a8485511263 (o.c.) | ||
| 020 | _a8485511255 (v.I) | ||
| 020 | _a848551159X (v.III) | ||
| 050 | 0 | 4 |
_aPQ7081 _bM36 2000 |
| 245 | 0 | 0 |
_aManual de literatura hispanoamericana / _cFelipe B. Pedraza Jimenez (coordinador) |
| 250 | _a2a ed. | ||
| 260 |
_aEstella, Navarra, España : _bCenlit Ediciones, _c2000 |
||
| 300 |
_av. ; _c20 cm. |
||
| 504 | _aIncluye referencias bibliográficas e indice | ||
| 505 |
_aContenido : _rv. I Epoca virreinal -- v.III Modernismo. |
||
| 650 | 4 |
_aLiteratura latinoamericana _xHistoria y critica |
|
| 700 | 1 |
_aPedraza Jimenez, Felipe B., _qcoord. |
|
| 942 |
_2lcc _cLIB |
||
| 999 |
_c121236 _d121236 |
||